• 首页
  • 本馆介绍
  • 公告通知
  • 最新文献
  • 馆藏检索
  • 电子资源
  • 读者导购
  • 参考咨询
  • 我的图书馆
  • 登录
  • 详细信息显示
  • 放入我的书架
  • 预约/预借图书
  • 作者相关作品
  • 分类相关作品
  • 丛书相关作品
  • 出版社相关作品

书目信息

  • 表格格式
  • 工作单格式
  • 卡片格式
题名:
酒店创新设计趋势
    
 
作者: 黄元仙 著
分册:  
出版信息: 长春   吉林美术出版社  2019
页数: 251页
开本: 24cm
丛书名:
单 册:
中图分类: TU247.4
科图分类:
主题词: 饭店--fan dian--室内装饰设计
电子资源:
ISBN: 978-7-5575-3501-8
000 01000nam0 2200277 450
001 012001002985
005 20140126130005.0
010    @a978-7-5575-3501-8@dCNY60.00
099    @aCAL 012019035325
100    @a20190308d2019 em y0chiy50 ea
101 0  @achi
102    @aCN@b220000
105    @ay a 000yy
106    @ar
200 1  @a酒店创新设计趋势@Ajiu dian chuang xin she ji qu shi@f黄元仙著
210    @a长春@c吉林美术出版社@d2019
215    @a251页@d24cm
312    @a英文题名取自封面
320    @a有书目 (第250-251页)
330    @a本书不仅对酒店的类型、设计要素和风格气质进行了分类, 而且对现阶段流行的以结合自然环境和文化环境为主题的民宿进行了研究与谈论。本书还着重说明了设计要注重室内设计心理学和设计过程, 以适应酒店行业的整体发展。
510 1  @aTrend of hotel innovation and design@zeng
606 0  @a饭店@Afan dian@x室内装饰设计
690    @aTU247.4@v5
701  0 @a黄元仙@Ahuang yuan xian@4著
801  0 @aCN@b北京卓展@c20191020
905    @b1204986-9@dTU247.4@e1607@f4
    
    酒店创新设计趋势/黄元仙著.-长春:吉林美术出版社,2019
    251页;24cm
    
    
    ISBN 978-7-5575-3501-8:CNY60.00
    本书不仅对酒店的类型、设计要素和风格气质进行了分类, 而且对现阶段流行的以结合自然环境和文化环境为主题的民宿进行了研究与谈论。本书还着重说明了设计要注重室内设计心理学和设计过程, 以适应酒店行业的整体发展。
●
相关链接 在E读中查询图书 在五车中查询图书 在当当中查询图书 在豆瓣中查询图书


正题名:酒店创新设计趋势     索取号:TU247.4/1607         预约/预借

序号 登录号 条形码 馆藏地/架位号 状态 备注
1 1204986   212049861   第二样本阅览室/ [索取号:TU247.4/1607] 在馆    
2 1204987   212049870   第三借阅区/ [索取号:TU247.4/1607] 在馆    
3 1204988   212049889   第三借阅区/ [索取号:TU247.4/1607] 在馆    
4 1204989   212049898   第三借阅区/ [索取号:TU247.4/1607] 在馆    
唐山师范学院图书馆 欢迎您!
大连网信软件有限公司© 版权所有